| 000 | 01067cam a22002893a 4500 | ||
|---|---|---|---|
| 001 | 24832 | ||
| 003 | PGUSA | ||
| 005 | 20140828083532.0 | ||
| 008 | 080315s2008||||xxu|||||s|||||000 1 eng d | ||
| 040 |
_aPGUSA _beng |
||
| 042 | _adc | ||
| 050 | 4 | _aPR | |
| 100 | 1 |
_aGrenfell, Wilfred Thomason, _cSir, _d1865-1940 |
|
| 245 | 1 | 0 |
_aLabrador Days : _bTales of the Sea Toilers _h[electronic resource] / _cWilfred Thomason, Grenfell |
| 260 |
_bProject Gutenberg, _c2008 |
||
| 505 | 0 | _aThere's trouble on the sea -- Nancy -- Sally's "turns" -- The doctor's big fee -- Two cat's-paws -- The triple alliance -- Portland Bill -- Kaiachououk -- Two Christmases -- The leading light -- The Red Island shoals. | |
| 506 | _aPublic domain in the USA. | ||
| 516 | _aElectronic text | ||
| 653 | _aShort stories | ||
| 653 | _aBig game fishing -- Fiction | ||
| 653 | _aFishers -- Fiction | ||
| 653 | _aOutdoor life -- Fiction | ||
| 653 | _aLabrador (N.L.) -- Fiction | ||
| 830 | 0 |
_aProject Gutenberg _v24832 |
|
| 856 | 4 | 0 | _uhttp://www.gutenberg.org/ebooks/24832 |
| 942 | _cEB | ||
| 999 |
_c254087 _d254087 |
||